000 00394nam a22001577a 4500
003 OSt
005 20211112160430.0
008 211112b |||||||| |||| 00| 0 eng d
040 _cHawassa University
050 _a641.3/HOU
_b1
082 _a641.3/HOU
_b1
100 _aHoughton,A.A.
_918191
245 _aThe Food We Live On
260 _aLondon
_bMills and Boon
_c1964
942 _2ddc
_cBOOKS
_n0
999 _c18049
_d18049